ARRUPE JESUIT UNIVERSITY

CORONAVIRUS -STOP THE SPREAD - CLEAN,DISINFECT,COVER

An African call for life : (Record no. 125356)

MARC details
000 -LEADER
fixed length control field 01249cam a2200313 a 4500
001 - CONTROL NUMBER
control field 496409
003 - CONTROL NUMBER IDENTIFIER
control field ARRUPE
005 - DATE AND TIME OF LATEST TRANSACTION
control field 20160929113509.0
008 - FIXED-LENGTH DATA ELEMENTS--GENERAL INFORMATION
fixed length control field 841126s1983 sz b i000 0 eng
010 ## - LIBRARY OF CONGRESS CONTROL NUMBER
LC control number 84980888
020 ## - INTERNATIONAL STANDARD BOOK NUMBER
Terms of availability Sh35.00
040 ## - CATALOGING SOURCE
Original cataloging agency DLC
Transcribing agency DLC
Modifying agency OCoLC
-- DLC
043 ## - GEOGRAPHIC AREA CODE
Geographic area code f------
050 00 - LIBRARY OF CONGRESS CALL NUMBER
Classification number BT202
Item number .A33 1983
082 00 - DEWEY DECIMAL CLASSIFICATION NUMBER
Classification number 276/.0828
Edition number 19
300 ## - PHYSICAL DESCRIPTION
Dimensions 21 cm.
245 03 - TITLE STATEMENT
Title An African call for life :
Remainder of title contribution to the World Council of Churches sixth assembly theme "Jesus Christ, the life of the world" /
Statement of responsibility, etc edited, Masamba ma Mpolo, Reginald Stober, Evelyn V. Appiah.
260 ## - PUBLICATION, DISTRIBUTION, ETC. (IMPRINT)
Place of publication, distribution, etc Geneva :
Name of publisher, distributor, etc World Council of Churches ;
Place of publication, distribution, etc Nairobi :
Name of publisher, distributor, etc Uzima Press,
Date of publication, distribution, etc c1983.
300 ## - PHYSICAL DESCRIPTION
Extent xx, 152 p. ;
504 ## - BIBLIOGRAPHY, ETC. NOTE
Bibliography, etc Bibliography: p. 145-148.
600 00 - SUBJECT ADDED ENTRY--PERSONAL NAME
Personal name Jesus Christ
General subdivision Person and offices.
9 (RLIN) 26216
610 20 - SUBJECT ADDED ENTRY--CORPORATE NAME
Corporate name or jurisdiction name as entry element World Council of Churches.
Subordinate unit Assembly
Number of part/section/meeting (6th :
Date of meeting or treaty signing 1983 :
Location of meeting Vancouver, B.C.)
9 (RLIN) 26217
650 #0 - SUBJECT ADDED ENTRY--TOPICAL TERM
Topical term or geographic name as entry element Christianity
Geographic subdivision Africa.
9 (RLIN) 26218
700 0# - ADDED ENTRY--PERSONAL NAME
Personal name Masamba ma Mpolo.
9 (RLIN) 26219
Relator code ed.
700 1# - ADDED ENTRY--PERSONAL NAME
Personal name Stober, Reginald.
9 (RLIN) 26220
Relator term ed.
700 1# - ADDED ENTRY--PERSONAL NAME
Personal name Appiah, Evelyn V.
9 (RLIN) 26221
Relator term ed.
710 2# - ADDED ENTRY--CORPORATE NAME
Corporate name or jurisdiction name as entry element World Council of Churches.
Subordinate unit Assembly
Number of part/section/meeting (6th :
Date of meeting or treaty signing 1983 :
Location of meeting Vancouver, B.C.)
9 (RLIN) 26217
906 ## - LOCAL DATA ELEMENT F, LDF (RLIN)
a 7
b cbc
c orignew
d 3
e ncip
f 19
g y-gencatlg
942 ## - ADDED ENTRY ELEMENTS (KOHA)
Source of classification or shelving scheme Library of Congress Classification
Koha item type Monograph ( Printed materials)
Holdings
Withdrawn status Lost status Source of classification or shelving scheme Damaged status Not for loan Collection code Home library Current library Shelving location Date acquired Total Checkouts Full call number Barcode Date last seen Price effective from Koha item type
    Library of Congress Classification     Main Collection ARRUPE LIBRARY ARRUPE LIBRARY Main Collection 27/09/2016   BT202 .A33 1983 46500010695 27/09/2016 27/09/2016 Monograph ( Printed materials)

 

Arrupe Library. PO Box MP320 Mt Pleasant, Harare, Zimbabwe
263 242 745411|librarian@aju.ac.zw